000 00429cam a2200133 a 4500
020 _a0333412729
082 _a956.95
_bLUN
_cL-30-II, P-179
100 1 _aLunt, James D.,
_949060
245 1 0 _aHussein of Jordan :
_ba political biography /
_cJames Lunt.
260 _aLondon :
_bMacmillan,
_c1989.
300 _axxxv, 278 p., [8] p. of plates :
_bill., maps ;
_c24 cm.
526 _a0
_b0
_c0
_d956_950000000000000_LUN
942 _2ddc
_cBK
999 _c551893
_d551893